000 00374nam a2200145 i 4500
001 bg
100 1 _aJANUSZEWSKI, Bogusław
245 0 _aGeometria wykreślna. :
_bzbiór zadań /
_cB. Januszewski, A. Reichhart.
260 _aRzeszów,
_c1980.
700 1 _aREICHHART, Adam
040 _cBPK
041 _apol
942 _cKS
008 s pl f |000 0 pol
999 _c20031
_d20031
856 _uhttp://koha.tu.koszalin.pl/cgi-bin/koha/opac-detail.pl?biblionumber=20031
_yKatalog online BPK